000 00207 a2200097 4500
001 32631
100 _aTerraine, J
245 _aLord Mountbatten
260 _aLondon
_bArrow Books
_c
090 _c21844
_d21844
942 _aNUST-CAE
_cM
_c13163
999 _c267704
_d267704